12 villes d'Europe en N et en image - Statistiques

Statistiques générales
  • Ce quiz a été pris 94 fois
  • Le résultat moyen est 6 sur 12
Statistiques - réponses
Par images Hint Réponse % Correct
France Nice
98%
France Nîmes
93%
Italie Naples
89%
Allemagne Nuremberg
79%
France Nantes
70%
Belgique Namur
58%
Royaume-Uni Newcastle
38%
Suisse Neuchâtel
37%
Portugal Nazaré
31%
Russie Nijni Novgorod
26%
Serbie Novi Sad
20%
Suède Norrköping
10%
Aucun quiz correspondant
Distribution des résultats
% des personnes avec chaque résultat
Percentile par nombre de réponses
Votre historique - résultats
Vous n’avez pas pris ce quiz